Michael Bosak - the Only one Person from Slovakia with Sign on US Dollars

Život M. Bosáka. Emigácia do USA koncom 19. storočia a začiatky v bankovníctve. Unikátne vlatnosti amerických bankoviek a identifikácia podpisu bankoviek z roku 1907.

Guardado en:
Detalles Bibliográficos
Autor principal: Bosák, Martin, 1967-
Otros Autores: Bosák, Rudolf
Formato: Capítulo de libro
Lenguaje:inglés
Materias:
Etiquetas: Agregar Etiqueta
Sin Etiquetas, Sea el primero en etiquetar este registro!

MARC

LEADER 00000naa$a2200000$$$4500
001 0197005
005 20240502083500.8
041 0 |a eng 
044 |a BG 
245 1 0 |a Michael Bosak - the Only one Person from Slovakia with Sign on US Dollars  |c Martin Bosák, Rudolf Bosák 
520 |a Život M. Bosáka. Emigácia do USA koncom 19. storočia a začiatky v bankovníctve. Unikátne vlatnosti amerických bankoviek a identifikácia podpisu bankoviek z roku 1907. 
610 2 0 |a systém menový 
610 2 0 |a dolár 
610 2 0 |a bankovky 
610 2 0 |a Slovensko 
610 2 0 |a bankovníctvo 
100 1 |a Bosák, Martin, 1967- 
700 1 |a Bosák, Rudolf